| 000 | 00385nam a2200145Ia 4500 | ||
|---|---|---|---|
| 008 | 230312s9999||||xx |||||||||||||| ||und|| | ||
| 020 | _a0-07-143205-1 | ||
| 082 |
_a721 _bWAT-T |
||
| 100 | _aWatson;Donald | ||
| 245 | 0 | _aTime-Saver Standards for Architectural Design | |
| 260 |
_bMcGraw Hill _aUSA _c2004 |
||
| 546 | _aEng. | ||
| 650 |
_aArchitecture _vArchitectural Design |
||
| 942 | _cBK | ||
| 999 |
_c7830 _d7830 |
||